[Event "BL 9091 Porz-Sindelfingen"]
[Site "?"]
[Date "1991.??.??"]
[Round "?.5"]
[White "Luther, T."]
[Black "Schmittdiel, E."]
[Result "1/2-1/2"]
[WhiteElo "2470"]
[BlackElo "2485"]
[PlyCount "55"]
[EventDate "1991.??.??"]

1. e4 c5 2. Nf3 Nc6 3. d4 cxd4 4. Nxd4 e5 5. Nb5 d6 6. c4 Be7 7. N1c3 a6 8. Na3
Be6 9. Nd5 Nf6 10. Be3 O-O 11. Bd3 Nd7 12. Qd2 Nc5 13. O-O Nd4 14. Rad1 Bf6 15.
Bb1 Bxd5 16. exd5 g6 17. f4 Bg7 18. fxe5 dxe5 19. Nc2 Ne4 20. Qd3 Nxc2 21. Bxc2
Nd6 22. c5 Nb5 23. d6 Qd7 24. Bb3 Kh8 25. Qd5 f5 26. Bg5 Rae8 27. Rfe1 e4 28.
Be7 1/2-1/2

[Event "BL 9091 Porz-Sindelfingen"]
[Site "?"]
[Date "1991.??.??"]
[Round "?.6"]
[White "Knaak, R."]
[Black "Bialas, W."]
[Result "1-0"]
[WhiteElo "2515"]
[BlackElo "2360"]
[PlyCount "93"]
[EventDate "1991.??.??"]

1. d4 d5 2. c4 dxc4 3. Nf3 c5 4. Nc3 e6 5. e4 cxd4 6. Qxd4 Qxd4 7. Nxd4 a6 8.
a4 Bd7 9. Bxc4 Nc6 10. Be3 Rc8 11. Be2 Nf6 12. O-O Bb4 13. f3 Bxc3 14. bxc3 Na5
15. Rab1 O-O 16. Nb3 Nxb3 17. Rxb3 Bc6 18. a5 Rfd8 19. Bd4 Nd7 20. Rb4 e5 21.
Be3 Nf8 22. g3 Rd7 23. Kf2 Ng6 24. Rc1 Re8 25. Ke1 Ne7 26. Rd1 Rxd1+ 27. Kxd1
Nc8 28. Kc2 Rd8 29. Rb1 Ba4+ 30. Kb2 Kf8 31. Ka3 Bc6 32. Kb4 Ke7 33. Kc5 Rd6
34. Bc4 h6 35. Bd5 f6 36. c4 Kd7 37. Kb4 Kc7 38. f4 Rd7 39. fxe5 fxe5 40. Rf1
Re7 41. Bc5 Nd6 42. Rd1 Rd7 43. Be6 Nxe4 44. Bxd7 Bxd7 45. Bf8 Bg4 46. Rf1 Ng5
47. Bxg7 1-0

[Event "BL 9091 Porz-Sindelfingen"]
[Site "?"]
[Date "1991.??.??"]
[Round "?.7"]
[White "Werner, Marc"]
[Black "Vogt, L."]
[Result "1-0"]
[WhiteElo "2320"]
[BlackElo "2510"]
[PlyCount "79"]
[EventDate "1991.??.??"]

1. e4 c5 2. Nf3 e6 3. d4 cxd4 4. Nxd4 Nf6 5. Nc3 d6 6. g4 h6 7. Be3 Nc6 8. f3
a6 9. Qd2 Nxd4 10. Qxd4 e5 11. Qd2 Be6 12. O-O-O Be7 13. h4 Rc8 14. Kb1 Nd7 15.
Be2 Qc7 16. g5 h5 17. Rh2 Nb6 18. f4 exf4 19. Bxf4 Rd8 20. Qd4 Kf8 21. Nd5 Nxd5
22. exd5 Bf5 23. Bd3 Bxd3 24. Rxd3 Kg8 25. Re2 Bf8 26. Rc3 Qd7 27. Qb6 Qg4 28.
Qxd8 Qxe2 29. Bc1 g6 30. Re3 Qf1 31. Re8 Kg7 32. b3 Rg8 33. Kb2 Qd1 34. Kb1 Qf1
35. a4 b5 36. axb5 axb5 37. b4 Rh8 38. Qf6+ Qxf6 39. gxf6+ Kh7 40. Bg5 1-0

[Event "BL 9091 Porz-Sindelfingen"]
[Site "?"]
[Date "1991.??.??"]
[Round "?.8"]
[White "Uhlmann, W."]
[Black "Franke, H."]
[Result "1-0"]
[WhiteElo "2510"]
[BlackElo "2390"]
[PlyCount "74"]
[EventDate "1991.??.??"]

1. c4 f5 2. d4 Nf6 3. Bg5 e6 4. Nc3 Bb4 5. Qb3 a5 6. Nf3 O-O 7. e3 Nc6 8. Be2
h6 9. Bxf6 Qxf6 10. O-O Bxc3 11. Qxc3 d6 12. c5 Bd7 13. Rac1 Nb4 14. Qb3 Bc6
15. a3 Nd5 16. Bb5 Bxb5 17. Qxb5 Ra7 18. Rc2 g5 19. cxd6 cxd6 20. Rfc1 g4 21.
Ne1 b6 22. Nd3 h5 23. Rc8 Raf7 24. g3 h4 25. Rxf8+ Rxf8 26. Qd7 hxg3 27. hxg3
Rd8 28. Qc6 Kf7 29. Kf1 Qe7 30. Nf4 Nxf4 31. gxf4 Rh8 32. Kg2 Kg6 33. Re1 Kf7
34. d5 Rh6 35. Qxb6 a4 36. Rc1 Kf6 37. Rc7 Qf8 1-0

[Event "BL 9091 Koblenz-Kirchheim"]
[Site "?"]
[Date "1991.??.??"]
[Round "?.1"]
[White "Haba, P."]
[Black "Dizdar, G."]
[Result "0-1"]
[WhiteElo "2465"]
[BlackElo "2535"]
[PlyCount "80"]
[EventDate "1991.??.??"]

1. e4 e6 2. d4 d5 3. e5 c5 4. c3 Nc6 5. Nf3 Bd7 6. a3 Nge7 7. b4 cxd4 8. cxd4
Nf5 9. Bb2 Qb6 10. g4 Nh6 11. h3 Rc8 12. Nc3 Na5 13. Na4 Qc6 14. Nc5 Nc4 15.
Bc1 Ng8 16. Bd3 Bxc5 17. dxc5 b6 18. cxb6 Qxb6 19. O-O Ne7 20. Bxc4 dxc4 21.
Be3 Qb7 22. Bc5 h5 23. g5 Ng6 24. Nd2 Qd5 25. f3 Bc6 26. Ne4 Qxd1 27. Raxd1
Bxe4 28. fxe4 Nxe5 29. Bxa7 O-O 30. Bd4 Nd3 31. b5 Ra8 32. Ra1 Ra4 33. Rfb1 Rb8
34. Kf1 e5 35. Bc3 Rb7 36. Ke2 f6 37. gxf6 gxf6 38. b6 Nc5 39. Ke3 Nb3 40. Rd1
Nxa1 0-1

[Event "BL 9091 Koblenz-Kirchheim"]
[Site "?"]
[Date "1991.??.??"]
[Round "?.2"]
[White "Brueckner, T."]
[Black "Gschnitzer, O."]
[Result "1/2-1/2"]
[WhiteElo "2405"]
[BlackElo "2460"]
[PlyCount "58"]
[EventDate "1991.??.??"]

1. c4 c5 2. Nc3 Nc6 3. g3 g6 4. Bg2 Bg7 5. Nf3 e5 6. d3 d6 7. a3 Nge7 8. Rb1 a5
9. O-O O-O 10. Bg5 f6 11. Bd2 Be6 12. Ne1 Rb8 13. Nc2 d5 14. cxd5 Nxd5 15. Nxd5
Bxd5 16. Bxd5+ Qxd5 17. b4 axb4 18. axb4 cxb4 19. Nxb4 Nxb4 20. Rxb4 b5 21. Qb3
Qxb3 22. Rxb3 Rf7 23. Rfb1 Rfb7 24. Bb4 Bf8 25. f4 exf4 26. gxf4 f5 27. Kf2 Kf7
28. d4 Bxb4 29. Rxb4 Rd8 1/2-1/2

[Event "BL 9091 Koblenz-Kirchheim"]
[Site "?"]
[Date "1991.??.??"]
[Round "?.3"]
[White "Graf, J."]
[Black "Doncevic, D."]
[Result "1-0"]
[WhiteElo "2430"]
[BlackElo "2345"]
[PlyCount "59"]
[EventDate "1991.??.??"]

1. d4 Nf6 2. c4 g6 3. Nc3 d5 4. Nf3 Bg7 5. cxd5 Nxd5 6. e4 Nxc3 7. bxc3 c5 8.
Be2 Nc6 9. d5 Bxc3+ 10. Bd2 Bxa1 11. Qxa1 Nd4 12. Nxd4 cxd4 13. Qxd4 f6 14. O-O
O-O 15. Bc4 e5 16. Qd3 Bd7 17. Bh6 Re8 18. d6+ Be6 19. d7 Re7 20. Bxe6+ Rxe6
21. Qd5 Kf7 22. Rd1 a5 23. f4 Qb6+ 24. Kh1 Ke7 25. fxe5 Rxe5 26. Qd3 g5 27. Qh3
Rd8 28. Bg7 Qe6 29. Qxh7 Qf7 30. Bxf6+ 1-0

[Event "BL 9091 Koblenz-Kirchheim"]
[Site "?"]
[Date "1991.??.??"]
[Round "?.4"]
[White "Seul, G."]
[Black "Clara, H."]
[Result "1-0"]
[WhiteElo "2340"]
[BlackElo "2430"]
[PlyCount "87"]
[EventDate "1991.??.??"]

1. d4 Nf6 2. Nf3 e6 3. Bg5 c5 4. e3 h6 5. Bh4 b6 6. Bd3 Bb7 7. O-O Be7 8. Nbd2
O-O 9. c3 cxd4 10. exd4 d6 11. Re1 Nbd7 12. a4 a6 13. Nc4 Qc7 14. Rc1 Rfe8 15.
Bf1 Bc6 16. b4 Bf8 17. a5 b5 18. Bxf6 bxc4 19. Bh4 Bxf3 20. Qxf3 d5 21. Bg3 Bd6
22. Bxd6 Qxd6 23. Qg3 Qxg3 24. hxg3 Kf8 25. g4 Nf6 26. f3 Ke7 27. Re3 Kd6 28.
Rce1 g5 29. Be2 Rh8 30. Bd1 h5 31. Rf1 Rag8 32. f4 hxg4 33. fxg5 Ne4 34. Rxf7
Rxg5 35. Ba4 Rd8 36. Bc2 Rf5 37. Ra7 Rf4 38. Rxa6+ Ke7 39. Ra7+ Kf6 40. Bxe4
dxe4 41. a6 e5 42. dxe5+ Kxe5 43. Re7+ Kf5 44. a7 1-0

[Event "BL 9091 Koblenz-Kirchheim"]
[Site "?"]
[Date "1991.??.??"]
[Round "?.5"]
[White "Vonthron, H."]
[Black "Wolf, V."]
[Result "1/2-1/2"]
[WhiteElo "2390"]
[BlackElo "2310"]
[PlyCount "106"]
[EventDate "1991.??.??"]

1. e4 Nf6 2. e5 Nd5 3. d4 d6 4. Nf3 Nb6 5. c4 Bg4 6. exd6 cxd6 7. Be2 g6 8. Nc3
Bg7 9. Be3 Nc6 10. b3 O-O 11. O-O e5 12. dxe5 dxe5 13. Qxd8 Rfxd8 14. Rad1 f5
15. Ng5 Bxe2 16. Nxe2 Rxd1 17. Rxd1 Rd8 18. Rxd8+ Nxd8 19. f4 e4 20. g4 h6 21.
Nh3 fxg4 22. Nf2 h5 23. Nxe4 Nc8 24. f5 gxf5 25. N4g3 Ne6 26. Nxf5 Be5 27. Neg3
Bxg3 28. Nxg3 Ng7 29. Bh6 h4 30. Bxg7 hxg3 31. Bd4 gxh2+ 32. Kxh2 Kf7 33. Kg3
Ke6 34. Kxg4 a6 35. Kf4 b5 36. Bc5 Kd7 37. cxb5 axb5 38. Ke5 Kc6 39. Kd4 Kc7
40. Kd5 Kb7 41. Bb4 Nb6+ 42. Kc5 Ka6 43. Bd2 Na4+ 44. Kd4 Kb6 45. Kd5 Nb2 46.
Be3+ Ka6 47. Bd4 Nd3 48. a3 Nc1 49. b4 Nd3 50. Be3 Nb2 51. Bd4 Nc4 52. a4 Na3
53. Bb2 Nc2 1/2-1/2

[Event "BL 9091 Koblenz-Kirchheim"]
[Site "?"]
[Date "1991.??.??"]
[Round "?.6"]
[White "Weidemann, J."]
[Black "Mueller, O."]
[Result "1-0"]
[WhiteElo "2300"]
[BlackElo "2350"]
[PlyCount "59"]
[EventDate "1991.??.??"]

1. e4 c5 2. b3 d6 3. Bb5+ Nd7 4. Bb2 e6 5. f4 Ngf6 6. e5 Nd5 7. Qg4 dxe5 8.
fxe5 g6 9. Nf3 Bg7 10. Nc3 Nxc3 11. Bxc3 O-O 12. h4 f5 13. Qg3 Bh6 14. O-O Nb6
15. Qf2 a6 16. Bd3 Qe7 17. Ba5 Nd5 18. Bc4 Bd7 19. Bxd5 exd5 20. Bc7 Rfc8 21.
Bd6 Qe8 22. Bxc5 b6 23. Be3 Bg7 24. d4 Rc3 25. Rfe1 Rac8 26. Re2 h6 27. Rae1
Qe6 28. Bc1 Bb5 29. Rd2 Qc6 30. a4 1-0

[Event "BL 9091 Koblenz-Kirchheim"]
[Site "?"]
[Date "1991.??.??"]
[Round "?.8"]
[White "Fritsche, L."]
[Black "Biebinger, G."]
[Result "1-0"]
[WhiteElo "2300"]
[BlackElo "2330"]
[PlyCount "69"]
[EventDate "1991.??.??"]

1. e4 e6 2. d4 d5 3. Nc3 Bb4 4. Nge2 dxe4 5. a3 Be7 6. Nxe4 Nf6 7. N2c3 O-O 8.
Be2 Bd7 9. O-O Bc6 10. Ng3 Nbd7 11. b3 a5 12. Bb2 a4 13. Nxa4 Bxa4 14. bxa4 Nb6
15. Qd3 Nxa4 16. Bc1 c5 17. c3 Qa5 18. Bd2 Rfd8 19. Rab1 Rd7 20. Bf3 Ra7 21.
Rfd1 Qd8 22. Qc2 cxd4 23. cxd4 Nb6 24. Bb4 Bxb4 25. Rxb4 Nbd5 26. Rb3 Rc7 27.
Qd3 g6 28. Ne4 Nxe4 29. Bxe4 Ra4 30. g3 Rd7 31. Bf3 Ne7 32. Rxb7 Rdxd4 33. Qb3
Qd6 34. Qxa4 Nf5 35. Qe8+ 1-0

[Event "BL 9091 Sindelfingen-Koblenz"]
[Site "?"]
[Date "1991.??.??"]
[Round "?.1"]
[White "Dizdar, G."]
[Black "Darga, K."]
[Result "1/2-1/2"]
[WhiteElo "2535"]
[BlackElo "2455"]
[PlyCount "30"]
[EventDate "1991.??.??"]

1. d4 d5 2. c4 e6 3. Nf3 Nf6 4. Nc3 Be7 5. cxd5 exd5 6. Bg5 c6 7. Qc2 g6 8. e4
dxe4 9. Bxf6 Bxf6 10. Qxe4+ Qe7 11. Bc4 O-O 12. Qxe7 Bxe7 13. O-O Nd7 14. Rfe1
Bd8 15. Bb3 Kg7 1/2-1/2

[Event "BL 9091 Sindelfingen-Koblenz"]
[Site "?"]
[Date "1991.??.??"]
[Round "?.2"]
[White "Fahnenschmidt, G."]
[Black "Brueckner, T."]
[Result "1/2-1/2"]
[WhiteElo "2385"]
[BlackElo "2405"]
[PlyCount "31"]
[EventDate "1991.??.??"]

1. d4 Nf6 2. c4 g6 3. Nc3 d5 4. Nf3 Bg7 5. cxd5 Nxd5 6. e4 Nxc3 7. bxc3 c5 8.
Rb1 O-O 9. Be2 Nc6 10. d5 Ne5 11. Nxe5 Bxe5 12. Qd2 e6 13. f4 Bg7 14. c4 exd5
15. cxd5 Bd4 16. Bb2 1/2-1/2

[Event "BL 9091 Sindelfingen-Koblenz"]
[Site "?"]
[Date "1991.??.??"]
[Round "?.3"]
[White "Doncevic, D."]
[Black "Rajkovic, D."]
[Result "1/2-1/2"]
[WhiteElo "2345"]
[BlackElo "2495"]
[PlyCount "26"]
[EventDate "1991.??.??"]

1. Nf3 Nf6 2. g3 d5 3. Bg2 c6 4. O-O Bg4 5. d3 e6 6. Nbd2 a5 7. h3 Bxf3 8. Bxf3
a4 9. c3 Be7 10. e4 O-O 11. Qc2 c5 12. Bg2 Nc6 13. exd5 Nxd5 1/2-1/2

[Event "BL 9091 Sindelfingen-Koblenz"]
[Site "?"]
[Date "1991.??.??"]
[Round "?.4"]
[White "Marinkovic, I."]
[Black "Seul, G."]
[Result "1/2-1/2"]
[WhiteElo "2455"]
[BlackElo "2340"]
[PlyCount "23"]
[EventDate "1991.??.??"]

1. e4 d6 2. d4 g6 3. Nc3 Bg7 4. g3 Nc6 5. Be3 Nf6 6. h3 e5 7. dxe5 Nxe5 8. f4
Nc6 9. Bg2 O-O 10. Nge2 Re8 11. Bf2 Bd7 12. O-O 1/2-1/2

[Event "BL 9091 Sindelfingen-Koblenz"]
[Site "?"]
[Date "1991.??.??"]
[Round "?.7"]
[White "Fecht, H."]
[Black "Bialas, W."]
[Result "1/2-1/2"]
[WhiteElo "2250"]
[BlackElo "2360"]
[PlyCount "22"]
[EventDate "1991.??.??"]

1. d4 d5 2. c4 dxc4 3. Nf3 c5 4. d5 e6 5. e4 exd5 6. exd5 Nf6 7. Bxc4 Bd6 8.
Qe2+ Be7 9. Nc3 a6 10. a4 O-O 11. O-O Re8 1/2-1/2

[Event "BL 9091 Sindelfingen-Koblenz"]
[Site "?"]
[Date "1991.??.??"]
[Round "?.8"]
[White "Werner, Marc"]
[Black "Fritsche, L."]
[Result "1/2-1/2"]
[WhiteElo "2320"]
[BlackElo "2300"]
[PlyCount "28"]
[EventDate "1991.??.??"]

1. e4 e5 2. Nf3 d6 3. d4 Nf6 4. Nc3 Nbd7 5. Bc4 Be7 6. O-O O-O 7. a4 c6 8. Qe2
Qc7 9. Rd1 b6 10. d5 cxd5 11. Nxd5 Nxd5 12. Bxd5 Rb8 13. Ra3 Nc5 14. Be3 g6
1/2-1/2

[Event "BL 9091 Kirchheim-Porz"]
[Site "?"]
[Date "1991.??.??"]
[Round "?.2"]
[White "Gschnitzer, O."]
[Black "Christiansen, L."]
[Result "0-1"]
[WhiteElo "2460"]
[BlackElo "2590"]
[PlyCount "68"]
[EventDate "1991.??.??"]

1. Nf3 c5 2. c4 Nf6 3. Nc3 Nc6 4. d4 cxd4 5. Nxd4 e6 6. g3 Bc5 7. Nb3 Be7 8.
Bg2 O-O 9. O-O d6 10. Bf4 h6 11. Rc1 Re8 12. Qc2 e5 13. Bd2 a5 14. Nb5 a4 15.
Na1 Bg4 16. Rfe1 Bf8 17. h3 Be6 18. Red1 Qc8 19. Kh2 d5 20. cxd5 Bxd5 21. Bxd5
Nxd5 22. Qe4 Nf6 23. Qc4 Qf5 24. Be3 Rec8 25. g4 Qg6 26. Qc2 e4 27. Bf4 Ra5 28.
Nd6 Nxg4+ 29. hxg4 Qxg4 30. Bg3 Rh5+ 31. Kg1 Nd4 32. Qxe4 Qh3 33. Qg2 Rxc1 34.
Qxh3 Rxd1+ 0-1

[Event "BL 9091 Kirchheim-Porz"]
[Site "?"]
[Date "1991.??.??"]
[Round "?.3"]
[White "Vaganian, R."]
[Black "Graf, J."]
[Result "1/2-1/2"]
[WhiteElo "2585"]
[BlackElo "2430"]
[PlyCount "91"]
[EventDate "1991.??.??"]

1. Nf3 Nf6 2. c4 g6 3. g3 Bg7 4. Bg2 O-O 5. O-O c5 6. d4 cxd4 7. Nxd4 Nc6 8.
Nc2 d6 9. Nc3 Be6 10. b3 Qd7 11. Bb2 Bh3 12. f3 Bxg2 13. Kxg2 Rfd8 14. e4 e6
15. Qe1 a6 16. Rd1 b5 17. Ne3 Qb7 18. Qe2 Ne5 19. cxb5 axb5 20. Qxb5 Qxb5 21.
Nxb5 Rxa2 22. Rf2 Ne8 23. f4 Nc6 24. Bxg7 Rxf2+ 25. Kxf2 Kxg7 26. Nc4 d5 27.
exd5 exd5 28. Ne5 Nxe5 29. fxe5 f6 30. Nd4 Ra8 31. e6 f5 32. Nc6 Kf6 33. Rxd5
Kxe6 34. Ra5 Rxa5 35. Nxa5 Kd5 36. Kf3 Kc5 37. Kf4 Kb4 38. Nc6+ Kxb3 39. Kg5
Kc4 40. Kh6 Kd5 41. Ne7+ Ke6 42. Kxh7 Kxe7 43. Kxg6 Ke6 44. h4 Nf6 45. h5 Nxh5
46. Kxh5 1/2-1/2

[Event "BL 9091 Kirchheim-Porz"]
[Site "?"]
[Date "1991.??.??"]
[Round "?.4"]
[White "Clara, H."]
[Black "Lutz, C."]
[Result "1/2-1/2"]
[WhiteElo "2430"]
[BlackElo "2500"]
[PlyCount "24"]
[EventDate "1991.??.??"]

1. Nc3 c5 2. e4 Nc6 3. Nf3 g6 4. d4 cxd4 5. Nxd4 Bg7 6. Be3 Nf6 7. Be2 d6 8.
O-O O-O 9. Nb3 Be6 10. f4 Qc8 11. Bf3 Rd8 12. Rf2 Rb8 1/2-1/2

[Event "BL 9091 Kirchheim-Porz"]
[Site "?"]
[Date "1991.??.??"]
[Round "?.5"]
[White "Schmittdiel, E."]
[Black "Vonthron, H."]
[Result "0-1"]
[WhiteElo "2485"]
[BlackElo "2390"]
[PlyCount "136"]
[EventDate "1991.??.??"]

1. Nf3 d6 2. e4 Bg4 3. h3 Bh5 4. Be2 Nd7 5. c4 e5 6. Nc3 Be7 7. g4 Bg6 8. d3 h5
9. g5 h4 10. Be3 c6 11. Rg1 Bh5 12. Nd2 Bxe2 13. Qxe2 Nf8 14. f4 exf4 15. Bxf4
Ne6 16. Qg4 g6 17. O-O-O Rh5 18. Nf3 Qd7 19. Be3 Bd8 20. d4 Bb6 21. c5 Ba5 22.
cxd6 Bxc3 23. bxc3 Qxd6 24. Kb2 Ne7 25. Ne5 c5 26. Qf3 Rh7 27. Ng4 Qb6+ 28. Kc2
O-O-O 29. dxc5 Qa6 30. Rxd8+ Nxd8 31. Kb2 Nec6 32. Qf1 Qa4 33. Qd3 Ne6 34. Rd1
Rh8 35. Qc2 Qb5+ 36. Qb3 Qa6 37. Rd6 Qe2+ 38. Qc2 Qf3 39. Qa4 Qe2+ 40. Rd2 Qf1
41. Rd6 Nc7 42. Bd4 Re8 43. Nf6 Re6 44. Rxe6 fxe6 45. Qc2 Qxh3 46. Qe2 Qg3 47.
Ng4 e5 48. Bf2 Qg2 49. Ne3 Qxe4 50. Qf1 Qf3 51. Ng2 Nb5 52. Ne3 h3 53. Bg1 Qxf1
54. Nxf1 e4 55. Ng3 Ne5 56. Nxe4 Nf3 57. Be3 h2 58. Nf2 Kd7 59. Kc2 Ke6 60. Kd3
Ne5+ 61. Kd2 Nc4+ 62. Kd3 Nxe3 63. Kxe3 Nxc3 64. Kf4 Nxa2 65. Kg3 Nc3 66. Kxh2
Kf5 67. Nd3 Ne4 68. Kg2 Nxg5 0-1

[Event "BL 9091 Kirchheim-Porz"]
[Site "?"]
[Date "1991.??.??"]
[Round "?.6"]
[White "Mueller, O."]
[Black "Knaak, R."]
[Result "0-1"]
[WhiteElo "2350"]
[BlackElo "2515"]
[PlyCount "70"]
[EventDate "1991.??.??"]

1. e4 e6 2. d4 d5 3. Nd2 c5 4. exd5 exd5 5. Ngf3 Nf6 6. Be2 cxd4 7. O-O Be7 8.
Nb3 O-O 9. Nfxd4 Nc6 10. Bg5 Ne5 11. c3 h6 12. Bf4 Ng6 13. Be3 Bd6 14. Re1 a6
15. Qc2 Re8 16. Rad1 Qc7 17. Bd3 Bxh2+ 18. Kh1 Bg4 19. f3 Bg3 20. Re2 Rxe3 21.
Rxe3 Qf4 22. fxg4 Qxe3 23. Nf5 Qf4 24. Qd2 Qxg4 25. Kg1 Re8 26. Rf1 Bf4 27. Qf2
Qh5 28. g3 Ng4 29. Qg2 Be3+ 30. Nxe3 Rxe3 31. Bf5 Ne7 32. Nd4 Nxf5 33. Nxf5 Re5
34. Qc2 Qh3 35. Qd2 g6 0-1

[Event "BL 9091 Kirchheim-Porz"]
[Site "?"]
[Date "1991.??.??"]
[Round "?.7"]
[White "Vogt, L."]
[Black "Messmer, M."]
[Result "1-0"]
[WhiteElo "2510"]
[BlackElo "2365"]
[PlyCount "87"]
[EventDate "1991.??.??"]

1. e4 c5 2. Nf3 Nc6 3. d4 cxd4 4. Nxd4 g6 5. c4 Bg7 6. Be3 Nf6 7. Nc3 Ng4 8.
Qxg4 Nxd4 9. Qd1 Ne6 10. Qd2 b6 11. Be2 Bb7 12. O-O Nc5 13. Bd4 Bxd4 14. Qxd4
f6 15. f4 Ne6 16. Qd2 Qc8 17. Rad1 Bc6 18. Nd5 Nc5 19. Bf3 Bxd5 20. cxd5 d6 21.
b4 Na6 22. Rc1 Qb7 23. Bg4 O-O 24. Be6+ Kg7 25. Qc3 b5 26. a3 Rab8 27. Rf2 Qb6
28. Qd3 Nc7 29. Rc6 Qb7 30. Bh3 Na8 31. Rfc2 a5 32. Qd4 axb4 33. axb4 Rfe8 34.
e5 dxe5 35. fxe5 f5 36. g4 fxg4 37. Bxg4 Rf8 38. d6 h5 39. Bh3 Kh6 40. d7 Nb6
41. Qe4 e6 42. Qe3+ Kg7 43. Rc7 Nd5 44. d8=Q+ 1-0

[Event "BL 9091 Bielefeld-Frankfurt"]
[Site "?"]
[Date "1991.??.??"]
[Round "?.1"]
[White "Khalifman, A."]
[Black "Dokhoian, Y."]
[Result "1/2-1/2"]
[WhiteElo "2640"]
[BlackElo "2540"]
[PlyCount "121"]
[EventDate "1991.??.??"]

1. d4 e6 2. c4 Nf6 3. g3 d5 4. Bg2 dxc4 5. Nf3 c5 6. O-O Nc6 7. Qa4 Bd7 8. Qxc4
b5 9. Qd3 Rc8 10. dxc5 Bxc5 11. Nc3 b4 12. Nb5 O-O 13. Nd6 Nd4 14. Bf4 Nd5 15.
Be5 Nxf3+ 16. Bxf3 Qg5 17. Nc4 Bb5 18. h4 Qe7 19. b3 Rfd8 20. Qc2 Nb6 21. Rac1
Bxc4 22. bxc4 Bd4 23. Bxd4 Rxd4 24. c5 Rc4 25. Qxc4 Nxc4 26. Rxc4 Rxc5 27. Rxb4
g6 28. Rd1 Kg7 29. Rb8 h5 30. Kg2 Rc7 31. Rd3 Qc5 32. a3 Qc1 33. Rb7 Rxb7 34.
Bxb7 Qb2 35. Bf3 Kf6 36. Re3 Ke7 37. Ba8 Qg7 38. Rd3 e5 39. e4 f5 40. exf5 gxf5
41. Bf3 e4 42. Re3 Qg6 43. Kh2 Kf6 44. Bg2 Ke5 45. Bf3 Kd4 46. Be2 Qf6 47. Kg2
Qf7 48. Kg1 Qg6 49. Kh2 Qe8 50. Kg2 Ke5 51. Bf3 Kf6 52. Be2 Qe5 53. Bd1 Kg6 54.
Be2 Kh6 55. Bd1 f4 56. gxf4 Qxf4 57. Bc2 Qg4+ 58. Kf1 Qxh4 59. Bxe4 Qg4 60. Bf3
Qg5 61. Bg2 1/2-1/2

[Event "BL 9091 Bielefeld-Frankfurt"]
[Site "?"]
[Date "1991.??.??"]
[Round "?.2"]
[White "Glek, I."]
[Black "Lobron, E."]
[Result "1/2-1/2"]
[WhiteElo "2540"]
[BlackElo "2545"]
[PlyCount "116"]
[EventDate "1991.??.??"]

1. e4 d6 2. d4 Nf6 3. Nc3 g6 4. f4 Bg7 5. Nf3 c5 6. dxc5 Qa5 7. Bd3 Qxc5 8. Qe2
Bg4 9. Be3 Qa5 10. O-O O-O 11. h3 Bxf3 12. Qxf3 Nc6 13. a3 Nd7 14. Bd2 Qb6+ 15.
Kh1 Nc5 16. Rab1 Nxd3 17. cxd3 f5 18. g4 e6 19. gxf5 exf5 20. Nd5 Qb3 21. Bc3
Rae8 22. Qg2 Ne7 23. Bxg7 Kxg7 24. Nc7 Rc8 25. Rbc1 Nc6 26. Rc3 Qf7 27. Nd5
fxe4 28. dxe4 Ne7 29. Rxc8 Rxc8 30. Ne3 Kh8 31. Qd2 Rc6 32. f5 Ng8 33. Nd5 h6
34. Qd4+ Kh7 35. Qxa7 gxf5 36. Qf2 Rc8 37. b4 Rc4 38. Qe2 b5 39. Qd3 Ne7 40.
Ne3 Rc8 41. exf5 Qf6 42. Ng4 Qc3 43. Qe4 Qc6 44. Qxc6 Rxc6 45. f6 Ng6 46. Re1
Rc7 47. Re8 h5 48. Ne3 Rc3 49. f7 Kg7 50. Nf5+ Kxf7 51. Nxd6+ Kg7 52. Nxb5
Rxh3+ 53. Kg1 Rb3 54. Ra8 Ne5 55. Nd4 Rd3 56. Ne2 Rb3 57. Ra5 Nc4 58. Rxh5 Nxa3
1/2-1/2

[Event "BL 9091 Bielefeld-Frankfurt"]
[Site "?"]
[Date "1991.??.??"]
[Round "?.3"]
[White "Gutman, L."]
[Black "Beckemeyer, W."]
[Result "1-0"]
[WhiteElo "2445"]
[BlackElo "2360"]
[PlyCount "93"]
[EventDate "1991.??.??"]

1. Nf3 Nf6 2. g3 g6 3. Bg2 Bg7 4. O-O O-O 5. d4 d5 6. c3 c6 7. a4 a5 8. Nbd2
Bf5 9. Qb3 Qc7 10. Nh4 Be6 11. Ndf3 Ne4 12. Bf4 Qc8 13. Ng5 Nxg5 14. Bxg5 f6
15. Bd2 Kh8 16. Qa3 g5 17. Nf3 Re8 18. Ne1 Nd7 19. Nd3 Bf7 20. f4 gxf4 21. Bxf4
Bg6 22. Bh3 e6 23. b3 b6 24. Qc1 Nf8 25. Bh6 Qc7 26. Bxg7+ Kxg7 27. Nf2 h5 28.
Nd3 Nh7 29. Qe3 Ng5 30. Bg2 Re7 31. Rf4 Ne4 32. Raf1 Rf8 33. Bxe4 dxe4 34. Nf2
e5 35. Rh4 exd4 36. cxd4 Ree8 37. Nh3 Qd6 38. Nf4 Bf7 39. g4 c5 40. d5 Re5 41.
gxh5 Rg5+ 42. Kh1 Qe5 43. h6+ Kh7 44. Ne6 Rf5 45. Rg1 Re8 46. Rg7+ Kh8 47. Qg1
1-0

[Event "BL 9091 Bielefeld-Frankfurt"]
[Site "?"]
[Date "1991.??.??"]
[Round "?.4"]
[White "Stertenbrink, G."]
[Black "Tischbierek, R."]
[Result "1-0"]
[WhiteElo "2280"]
[BlackElo "2500"]
[PlyCount "125"]
[EventDate "1991.??.??"]

1. e4 c5 2. Nf3 Nc6 3. d4 cxd4 4. Nxd4 Nf6 5. Nc3 d6 6. Bg5 e6 7. Qd2 a6 8.
O-O-O Bd7 9. h3 b5 10. Qe3 Qb6 11. Nxc6 Qxe3+ 12. Bxe3 Bxc6 13. f3 Be7 14. Bd3
Nd7 15. Kb1 O-O 16. Ne2 Rfd8 17. Nd4 Bb7 18. Nb3 Rab8 19. Be2 Ne5 20. Na5 Ba8
21. a4 Nc6 22. Nxc6 Bxc6 23. a5 Rd7 24. Bb6 Rc8 25. Rd3 Kf8 26. Rhd1 Ke8 27.
Bf1 g6 28. R3d2 f6 29. Rd4 d5 30. exd5 Bxd5 31. b3 Bc5 32. Bxc5 Rxc5 33. Kb2
Ke7 34. R4d2 g5 35. Bd3 f5 36. b4 Rcc7 37. Bxf5 Rc4 38. c3 Rdc7 39. Rc1 Kf6 40.
Bd3 Rf4 41. Re1 h5 42. Re3 Rg7 43. Be2 Rf5 44. Bd1 Re5 45. Red3 Kf5 46. Rd4 Re3
47. Re2 Rxe2+ 48. Bxe2 Ke5 49. Kc2 Rg8 50. Kd2 Rg7 51. Bd3 h4 52. Rg4 Kf6 53.
c4 bxc4 54. Bxc4 Rd7 55. Bxd5 Rxd5+ 56. Kc3 Ke7 57. Rd4 Re5 58. Re4 Rd5 59. Kc4
Rf5 60. Kc3 Rd5 61. Rc4 Rd6 62. Rc5 Kf6 63. b5 1-0

[Event "BL 9091 Bielefeld-Frankfurt"]
[Site "?"]
[Date "1991.??.??"]
[Round "?.5"]
[White "Werner, D."]
[Black "Panzer, P."]
[Result "1-0"]
[WhiteElo "2395"]
[BlackElo "2285"]
[PlyCount "83"]
[EventDate "1991.??.??"]

1. d4 Nf6 2. c4 g6 3. Nc3 Bg7 4. e4 d6 5. Be2 O-O 6. Bg5 Na6 7. Nf3 h6 8. Bh4
c5 9. d5 e6 10. Nd2 exd5 11. cxd5 Re8 12. O-O Nc7 13. Re1 b6 14. a4 g5 15. Bg3
a6 16. Qc2 Rb8 17. Nc4 Bf8 18. h3 b5 19. axb5 Nxb5 20. Nxb5 axb5 21. Nd2 Bd7
22. Bf3 Ra8 23. Rad1 g4 24. hxg4 Nxg4 25. Bxg4 Bxg4 26. Ra1 c4 27. b3 cxb3 28.
Qxb3 Rxa1 29. Rxa1 Qf6 30. Ra2 Rc8 31. Qxb5 Rc1+ 32. Nf1 Qd4 33. Ra8 Kg7 34.
Bf4 Bd7 35. Qe2 Ra1 36. Rd8 Qf6 37. Bg3 Ra7 38. Rxd7 Rxd7 39. Qg4+ Qg6 40. Qxd7
Qxe4 41. Ne3 h5 42. Bxd6 1-0

[Event "BL 9091 Bielefeld-Frankfurt"]
[Site "?"]
[Date "1991.??.??"]
[Round "?.6"]
[White "Haskamp, S."]
[Black "Heyken, E."]
[Result "0-1"]
[WhiteElo "2275"]
[BlackElo "2415"]
[PlyCount "47"]
[EventDate "1991.??.??"]

1. e4 e6 2. d4 d5 3. e5 c5 4. c3 Nc6 5. Nf3 Qb6 6. Na3 cxd4 7. cxd4 Bb4+ 8. Bd2
Nge7 9. Nb5 Bxd2+ 10. Qxd2 O-O 11. Be2 f6 12. exf6 Rxf6 13. Rd1 Bd7 14. Nc3
Raf8 15. O-O Be8 16. Na4 Qc7 17. Nc5 Nf5 18. b4 Bh5 19. Ng5 Bxe2 20. Ngxe6
Nfxd4 21. Nxd4 Nxd4 22. Qxd4 Qf7 23. Rd2 Bxf1 24. Kxf1 0-1

[Event "BL 9091 Bielefeld-Frankfurt"]
[Site "?"]
[Date "1991.??.??"]
[Round "?.7"]
[White "Degenhardt, H."]
[Black "Beilfuss, W."]
[Result "1/2-1/2"]
[WhiteElo "2325"]
[BlackElo "2220"]
[PlyCount "54"]
[EventDate "1991.??.??"]

1. Nf3 c5 2. e3 Nf6 3. d4 e6 4. Bd3 b6 5. O-O Be7 6. Nbd2 cxd4 7. exd4 O-O 8.
Re1 Bb7 9. c3 d6 10. Nf1 Nbd7 11. Bg5 Re8 12. Ng3 Nf8 13. h4 h6 14. Bd2 Qc7 15.
Qe2 N8d7 16. Ba6 Bf8 17. Bxb7 Qxb7 18. Ne4 Nxe4 19. Qxe4 Qxe4 20. Rxe4 b5 21.
a4 a6 22. b3 Rec8 23. Ree1 Nb6 24. a5 Nd7 25. Rec1 Be7 26. c4 bxc4 27. bxc4 Rc6
1/2-1/2